Online
Catalog

Doctrina administrativa II. (Record no. 1455)

MARC details
000 -CABECERA
campo de control de longitud fija 00688cam a2200205 a 4500
001 - NÚMERO DE CONTROL
campo de control 000001553
005 - FECHA Y HORA DE LA ÚLTIMA TRANSACCIÓN
campo de control 20200929145622.0
008 - DATOS DE LONGITUD FIJA--INFORMACIÓN GENERAL
campo de control de longitud fija 801014m19691980ve 000 0 spa
040 ## - FUENTE DE LA CATALOGACIÓN
Centro catalogador/agencia de origen DO-SdBNP
Centro/agencia transcriptor DLC
Centro/agencia modificador DLC
082 ## - NÚMERO DE LA CLASIFICACIÓN DECIMAL DEWEY
Número de clasificación 324
Número de documento/Ítem V458d
110 2# - ENTRADA PRINCIPAL--NOMBRE DE ENTIDAD CORPORATIVA
Nombre de entidad corporativa o nombre de jurisdicción como elemento de entrada Venezuela. Consejo Supremo Electoral
9 (RLIN) 5100
245 10 - MENCIÓN DE TÍTULO
Título Doctrina administrativa II.
260 ## - PUBLICACIÓN, DISTRIBUCIÓN, ETC.
Lugar de publicación, distribución, etc. Caracas, :
Nombre del editor, distribuidor, etc. Consejo Supremo Electoral,
Fecha de publicación, distribución, etc. 1969
Fabricante Tipografía Vargas
300 ## - DESCRIPCIÓN FÍSICA
Extensión 2 t. ;
Dimensiones 24 cm.
500 ## - NOTA GENERAL
Nota general Incluye otras ediciones de algunos volúmenes
500 ## - NOTA GENERAL
Nota general La biblioteca posee el tomo II
650 #4 - PUNTO DE ACCESO ADICIONAL DE MATERIA--TÉRMINO DE MATERIA
Término de materia o nombre geográfico como elemento de entrada Elecciones
Término de materia que sigue a un nombre geográfico como elemento de entrada LEGISLACIÓN
Subdivisión geográfica Venezuela
9 (RLIN) 5101
650 #4 - PUNTO DE ACCESO ADICIONAL DE MATERIA--TÉRMINO DE MATERIA
Término de materia o nombre geográfico como elemento de entrada Doctrina venezolana
9 (RLIN) 5102
910 ## - DATOS DE OPCIÓN DEL USUARIO (OCLC)
Datos de opción del usuario Catalogación por copia / LC
Holdings
Estado de retiro Estado de pérdida Restricciones de uso No para préstamo Código de colección Localización permanente Ubicación/localización actual Ubicación en estantería Fecha de adquisición Número de inventario Total de préstamos Signatura topográfica completa Código de barras Fecha visto por última vez Precio válido a partir de Tipo de ítem Koha
    Préstamo interno   Monografías: Libros y Folletos General General En catalogación 09.09.2009 LF1   324 V458d 1553-10 25.06.2020 25.06.2020 Préstamo interno

Powered by Koha